| 000 | 00709nam a2200217Ia 4500 | ||
|---|---|---|---|
| 999 |
_c47830 _d47830 |
||
| 001 | 14704 | ||
| 003 | GE_BSU | ||
| 005 | 20241122112102.0 | ||
| 008 | 181216s2008||||ge |||||||||||||| ||geo|| | ||
| 020 | _a1425117244 | ||
| 040 | _cGE_BSU | ||
| 080 | _a338.22+338.48:502 P-22 | ||
| 100 |
_aPatterson, Carol _923767 |
||
| 245 | 4 |
_aThe Business Of Ecotourism : _bThe Complete Guide for Nature and Cultural Based Tourism Operators / _cCarol Patterson. |
|
| 264 |
_aOxford : _bTrafford, _c2007. |
||
| 300 |
_a217 p. ; _c27 cm. |
||
| 653 | _aThe Business Of Ecotourism | ||
| 653 | _aThe Complete Guide for Nature and Cultural Based Tourism Operators | ||
| 653 | _aეკოტურიზმი | ||
| 942 |
_cBK _2udc |
||